00822 2200313 4500001002100000005001500021035002000036007000300056040001700059100002700076245003000103250001100133300002900144020002200173041000800195082001100203084001700214090002200231264003300253336002100286337003000307338002300337500003000360650001600390700003300406850001000439008004100449990001800490INLIS00000000000979520260413110154 a0010-0123000122ta aSBPUPADbind0 aAlya NabilaePengarang1 aThe Winner /cAlya Nabila aCet. 1 a112 hlm :bilus ;c21 cm a978-979-752-875-107aind a153.35 a153.35 NAB t a153.35 NAB t 26-2 aBandung :bDARI Mizan,c2008 2rdacontentaTeks 2rdamediaatanpa perantara 2rdacarrieravolume aBiodata Penulis; hlm; 107 4aKreativitas0 aIlustrator, RakeuePengarang aPUPAD260413 1  a10164/Br/KAPD